| 000 | 00686nam a2200241Ia 4500 | ||
|---|---|---|---|
| 003 | OSt | ||
| 005 | 20220925172119.0 | ||
| 006 | a|||||r|||| 00| 0 | ||
| 007 | ta | ||
| 008 | 220923b |||||||| |||| 00| 0 eng d | ||
| 037 | _cGeneral Book | ||
| 040 |
_aRTL _cRTL _beng |
||
| 041 |
_2eng _aeng |
||
| 082 | _aX.44Q7.N5, H5/Q7 | ||
| 100 |
_aMody Homi _9105158 |
||
| 245 | 0 | _aMemorandum on the economic and financial aspects o | |
| 260 |
_aBombay _bBombay House _c1945 |
||
| 300 |
_a27p _ccm. |
||
| 650 |
_aPakistan _9240650 |
||
| 700 |
_a Matthai John _9101770 |
||
| 942 |
_hX.44Q7.N5, H5/Q7 _cGB _2CC |
||
| 999 |
_c484279 _d484279 |
||